<?xml version="1.0" encoding="UTF-8"?>
<collection xmlns="http://www.loc.gov/MARC21/slim">
 <record>
  <leader>00410nam a2200157Ia 4500</leader>
  <controlfield tag="001">CTU_149971</controlfield>
  <controlfield tag="008">210402s9999    xx            000 0 und d</controlfield>
  <datafield tag="082" ind1=" " ind2=" ">
   <subfield code="a">595.32</subfield>
  </datafield>
  <datafield tag="082" ind1=" " ind2=" ">
   <subfield code="b">E96</subfield>
  </datafield>
  <datafield tag="245" ind1=" " ind2="4">
   <subfield code="a">The external development of certain phyllopods</subfield>
  </datafield>
  <datafield tag="260" ind1=" " ind2=" ">
   <subfield code="a">New York</subfield>
  </datafield>
  <datafield tag="260" ind1=" " ind2=" ">
   <subfield code="c">[1924]</subfield>
  </datafield>
  <datafield tag="650" ind1=" " ind2=" ">
   <subfield code="a">Artemia</subfield>
  </datafield>
  <datafield tag="650" ind1=" " ind2=" ">
   <subfield code="x">Research</subfield>
  </datafield>
  <datafield tag="904" ind1=" " ind2=" ">
   <subfield code="i">Năm</subfield>
  </datafield>
  <datafield tag="980" ind1=" " ind2=" ">
   <subfield code="a">Trung tâm Học liệu Trường Đại học Cần Thơ</subfield>
  </datafield>
 </record>
</collection>
